Green Day Songs WITHOUT Swears - Sudden Death - Statistics

General Stats
  • This quiz has been taken 57 times
  • The average score is 6 of 16
Answers on the Grid
Answers color-coded by a green-red scale on the quiz's grid according to % correct below.
2000 Light Years Away
Burnout
Longview
Welcome to Paradise
Basket Case
She
When I Come Around
Brain Stew
Walking Contradiction
Nice Guys Finish Last
Hitchin' a Ride
Redundant
Warning
Minority
American Idiot
Jesus of Suburbia
Holiday
Boulevard of Broken Dreams
Wake Me Up When September Ends
Homecoming
Whatsername
21st Century Breakdown
Know Your Enemy
Last Night on Earth
21 Guns
Kill the DJ
Oh Love
Stray Heart
Revolution Radio
Still Breathing
Father of All...
Dilemma
 
Answer Stats
Answer % Correct
Welcome to Paradise
61%
When I Come Around
61%
She
55%
Warning
48%
21 Guns
42%
Dilemma
35%
Stray Heart
35%
Still Breathing
32%
Whatsername
32%
Last Night on Earth
29%
Redundant
29%
Wake Me Up When September Ends
29%
Oh Love
26%
Know Your Enemy
23%
Revolution Radio
23%
Father of All...
19%
No matching quizzes found
Score Distribution
Percent of People with Each Score
Percentile by Number Answered
Your Score History
You have not taken this quiz